The Buddhist Heritage of Pakistan (Record no. 489969)

000 -LEADER
fixed length control field 00400nam a22001577a 4500
020 ## - INTERNATIONAL STANDARD BOOK NUMBER
International Standard Book Number 9789699532047
082 ## - DEWEY DECIMAL CLASSIFICATION NUMBER
Classification number 294.3435095 SAF
100 ## - MAIN ENTRY--PERSONAL NAME
Personal name Safdar Ali Shah
245 ## - TITLE STATEMENT
Title The Buddhist Heritage of Pakistan
260 ## - PUBLICATION, DISTRIBUTION, ETC.
Place of publication, distribution, etc. Pakistan
Name of publisher, distributor, etc. Constellation Plus
Date of publication, distribution, etc. 2014
300 ## - PHYSICAL DESCRIPTION
Extent vii, 130 p.
500 ## - GENERAL NOTE
General note Index included
650 ## - SUBJECT ADDED ENTRY--TOPICAL TERM
Topical term or geographic name entry element Buddhist Heritage
700 ## - ADDED ENTRY--PERSONAL NAME
Personal name Syed Javaid A. Kazi
942 ## - ADDED ENTRY ELEMENTS (KOHA)
Koha item type Book
Holdings
Withdrawn status Lost status Source of classification or shelving scheme Damaged status Not for loan Permanent Location Current Location Date acquired Total Checkouts Full call number Barcode Date last seen Date last checked out Price effective from Koha item type
          School of Civil and Environmental Engineering (SCEE) School of Civil and Environmental Engineering (SCEE) 11/27/2019 1 294.3435095 SAF NIT-12497 11/06/2020 11/02/2020 11/27/2019 Book
© 2023 Central Library, National University of Sciences and Technology. All Rights Reserved.